Countries that have the same name for Capital - Statistics

General Stats
  • This quiz has been taken 58 times
    21 since last reset
  • The average score is 9 of 12
Answer Stats
Hint Answer % Correct
Also in Italy San Marino
92%
In Italy Vatican City
92%
Between Spain and France Andorra La Vella
85%
South of USA Mexico City
85%
Southeast of France Monaco
85%
South of Mexico Guatemala City
77%
South of Costa Rica and Northwest of Colombia Panama City
77%
East of Eritrea Djibouti
69%
Between Saudi Arabia and Iraq Kuwait City
69%
Between France and Germany Luxembourg
69%
Off coast of Gabon Sao Tome
69%
South of Malaysia Singapore
69%
No matching quizzes found
Score Distribution
Percent of People with Each Score
Percentile by Number Answered
Your Score History
You have not taken this quiz since the last reset